LEADER 01237nam a2200361 i 4500 001 991000783029707536 005 20020507173530.0 008 931009s1988 ||| ||| | ita 035 $ab1075667x-39ule_inst 035 $aLE01302257$9ExL 040 $aDip.to Matematica$beng 082 0 $a514.322 084 $aAMS 54C 084 $aAMS 54C20 084 $aAMS 54D05 084 $aAMS 54D10 084 $aAMS 54D15 084 $aAMS 54D18 (1985) 084 $aAMS 54D30 100 1 $aBulso, Leonardo$0535012 245 10$aConnettificazione di spazi topologici. Tesi di laurea /$claureando Leonardo Bulso ; relat. C. Guido 260 $aLecce :$bUniversitą degli studi. Facoltą di Scienze. Corso di laurea in Matematica,$ca.a. 1988-89 650 4$aCompact spaces 650 4$aConnected spaces 650 4$aExtension 650 4$aMaps 700 1 $aGuido, Cosimo 907 $a.b1075667x$b02-04-14$c28-06-02 912 $a991000783029707536 945 $aLE013 TES 1988/89 BUL1$g1$iLE013N-1115$lle013$o-$pE0.00$q-$rl$s- $t0$u0$v0$w0$x0$y.i10851069$z28-06-02 996 $aConnettificazione di spazi topologici. Tesi di laurea$9922974 997 $aUNISALENTO 998 $ale013$b01-01-93$cm$da $e-$feng$gxx $h0$i1 LEADER 02505nam 2200529 450 001 9910794073103321 005 20220523123143.0 010 $a981-4881-43-0 024 7 $a10.1355/9789814881432 035 $a(CKB)4100000010349140 035 $a(MiAaPQ)EBC6109628 035 $a(DE-B1597)546461 035 $a(OCoLC)1141500450 035 $a(DE-B1597)9789814881432 035 $a(Au-PeEL)EBL6109628 035 $a(UkCbUP)CR9789814881432 035 $a(OCoLC)1284999838 035 $a(MdBmJHUP)musev2_85277 035 $a(EXLCZ)994100000010349140 100 $a20220523d2019 uy 0 101 0 $aeng 135 $aur||||||||||| 181 $ctxt$2rdacontent 182 $cc$2rdamedia 183 $acr$2rdacarrier 200 14$aThe belt and road initiative $eenvironmental impacts in Southeast Asia /$fAlex M. Lechner [and six others] 210 1$aSingapore :$cISEAS Yusof Ishak Institute,$d[2019] 210 4$d©2019 215 $a1 online resource (30 pages) $cdigital, PDF file(s) 225 1 $aTrends in Southeast Asia ;$vNumber 18 300 $aTitle from publisher's bibliographic system (viewed on 28 Oct 2021). 311 0 $a981-4881-42-2 327 $tFront matter --$tFOREWORD --$tThe Belt and Road Initiative: Environmental Impacts in Southeast Asia --$tREFERENCES 330 $aChina's Belt and Road Initiative (BRI) is expected to be the largest infrastructure development scheme of the twenty-first century. There is escalating concern over BRI's potential environmental impacts in Southeast Asia, a global biodiversity hotspot and a focus area of BRI development. Case studies of Indonesia, Myanmar, Lao PDR and Malaysia show that the success of BRI in bringing about sustainable growth and opportunities depends on the Chinese government and financiers, as well as the agencies and governments involved when BRI investments take place. The adoption of best environmental practices is critical in ensuring that growth is sustainable and that bad environmental practices are not locked in for decades to come. 410 0$aTrends in Southeast Asia ;$vNumber 18. 606 $aInvestments, Chinese$zSoutheast Asia 615 0$aInvestments, Chinese 676 $a382.30951 700 $aLechner$b Alex M.$01139139 712 02$aISEAS-Yusof Ishak Institute, 801 0$bMiAaPQ 801 1$bMiAaPQ 801 2$bMiAaPQ 906 $aBOOK 912 $a9910794073103321 996 $aThe belt and road initiative$93797712 997 $aUNINA